Dawne państwa po opisie - cz.1 - Statystyki

Ogólne statystyki
  • Ten quiz został rozwiązany 89 razy
  • Średni wynik to 8 z 11
Statystyki odpowiedzi
Opis państwa Lata istnienia Nazwa państwa % Poprawnych
Największe państwo komunistyczne w historii, w szczytowym momencie składało się z 16 republik, upadło na skutek nieskutecznych reform systemu. 1922-1991 Związek Radziecki
98%
Państwo na półwyspie bałkańskim w Europie, zrzeszające południowych Słowian, w początkowym okresie jako królestwo, po II wojnie światowej jako komunistyczna dyktatura, rozpadło się ze względu na różnicę narodowościowe poszczególnych republik. 1918-1941, 1945-1992 Jugosławia
97%
Państwo w Europie składające się z dwóch części składowych, faktycznie monarchia wielonarodowa, rządzona przez jedną z najdłużej panujących dynastii w historii, upadło w wyniku klęski w I wojnie światowej i zrywów narodowych. 1867-1918 Austro-Węgry
85%
Państwo rozciągające się na 3 kontynenty, w szczytowym momencie najsilniejsze imperium w Europie, państwo silnie związane z islamem, upadło po przegranej I wojnie światowej w wyniku okupacji państw ententy. 1299-1922 Imperium Osmańskie
82%
Państwo zrzeszające dwa narody Słowian, w okresie międzywojennym republika demokratyczna, po II wojnie światowej kraj komunistyczny, rozpadła się na dwa niepodległe państwa w wyniku pokojowych przemian po upadku komunizmu w Europie. 1918-1938,1945-1992 Czechosłowacja
79%
Państwo totalitarne w Europie o ideologii narodowo-socjalistycznej i faszystowskiej, główny agresor w II wojnie światowej, kierowane przez jednego z największych zbrodniarzy w historii, upadło po zwycięstwie aliantów w 1945. 1933-1945 III Rzesza
77%
Państwo powstałe w wyniku podpisania unii realnej między dwoma państwami, w szczytowym momencie jedno z największych państw europejskich, upadło w wyniku wieloletnich wyniszczających wojen i rozbiorów przez 3 sąsiadów. 1569-1795 Rzeczpospolita Obojga Narodów
71%
Państwo komunistyczne w Europie powstałe w wyniku przekształcenia radzieckiej strefy okupacyjnej, posiadała największą komórkę służb bezpieczeństwa o nazwie Stasi, zostało zlikwidowane w wyniku zjednoczenia podczas tzw. "Jesieni Ludów". 1949-1990 Niemiecka Republika Demokratyczna
70%
Największe państwo w historii, w XIII wieku prowadziło liczne, dalekie podboje docierając z Azji Wschodniej do Europy, nigdy silnie niezcentralizowane, w XIV wieku rozpadło się na kilka mniejszych państw. 1206-1305 Imperium Mongolskie
64%
Państwo w Afryce powstałe na terenie byłej kolonii belgijskiej, faktyczna dyktatura łamiąca prawa człowieka, upadła po zimnej wojnie w wyniku wojny domowej i ucieczki jej wieloletniego dyktatora. 1971-1997 Zair
59%
Państwo w Europie zrzeszające narody niemieckie, faktycznie zależne od innego państwa, upadło w wyniku upadku jednego z najbardziej wpływowych ludzi XIX wieku. 1806-1813 Związek Reński
26%
Nie znaleziono quizów pasujących do podanych kryteriów
Rozkład punktacji
Procent ludzi z każdym wynikiem
Percentyl według liczby udzielonych odpowiedzi
Twoja historia wyników
Nie rozwiązałeś tego quizu